Harry Potter or Harry Imposter? Quiz Stats

 Plays Quiz Updated Jan 16, 2019

Score 0/20 Timer 02:00
7 Plays Today
Name Type P or I % Correct
Wexford Froodge???
74.9%
Ebenezer Wummbutton???
73.5%
Rogus Snupp???
73.1%
Mercy 'Merry' Pecksniff???
71.7%
Whitley Strum???
68.9%
Cornelia Blimber???
67.6%
Griselda Marchbanks???
66.5%
Demelza Robins???
64%
Palomina Flox???
63.8%
Mortimer Magwitch???
61.6%
Name Type P or I % Correct
Clarissa Quiggle???
59.8%
Hortense Aversham???
59.4%
Dilys Derwent???
59.3%
Silvanus Kettleburn???
57%
Arthur Slugworth???
54.8%
Ambrosius Flume???
53.7%
Dorcas Meadowes???
50.8%
Octavius Pepper???
44.4%
Augustus Worme???
44%
Zograf???
31.1%

You're not logged in!

Compare scores with friends on all Sporcle quizzes.
OR
Log In

Show Comments

Extras

Top Quizzes Today


Score Distribution

Your Account Isn't Verified!

In order to create a playlist on Sporcle, you need to verify the email address you used during registration. Go to your Sporcle Settings to finish the process.

Report this User

Report this user for behavior that violates our Community Guidelines.

Details: